000 00268nam a2200109 a 4500
008 110104s1959|||| d
245 1 0 _aSpomienky na Vladimíra Iľjiča Lenina
260 _bSVPL
_aBratislava
_c1959
020 _c20,90
041 _aslo
044 _axo
_cSK
999 _c15476
_d15476